FRee SOFT pre databázy.

Databázový program FRee SOFT dodávaný firmou BMC Bratislava. Charakteristika databázového programu a hlavné parametre databázy. Pomôcka pre vytváranie databázových programov. Rezidentný databázový systém dLITE a rezidentný administrátor dát POP-DBF.

Salvato in:
Dettagli Bibliografici
Autore principale: Mikuláš, M.
Natura: Capitolo di libro
Lingua:slovacco
Soggetti:
Tags: Aggiungi Tag
Nessun Tag, puoi essere il primo ad aggiungerne!!

MARC

LEADER 00000naa a2200000 4500
001 r006849
005 20221125080415.8
041 0 |a slo 
044 |a [CS] 
245 1 0 |a FRee SOFT pre databázy.  |c M. Mikuláš 
520 |a Databázový program FRee SOFT dodávaný firmou BMC Bratislava. Charakteristika databázového programu a hlavné parametre databázy. Pomôcka pre vytváranie databázových programov. Rezidentný databázový systém dLITE a rezidentný administrátor dát POP-DBF. 
610 2 0 |a báza dát 
610 2 0 |a FRee SOFT 
610 2 0 |a softvér 
100 1 |a Mikuláš, M.